Statistics for K Vocabulary Words Quiz #1

Click here to take the quiz!

General Stats

  • This quiz has been taken 44,605 times
    (44,533 since last reset)
  • The average score is 14 of 22

Answer Stats

Definition Word % Correct
Scottish skirt for menKilt
94%
Hotel for dogsKennel
87%
RelativesKin
86%
Loose Japanese robeKimono
84%
Young goatKid
81%
Oven used to bake potteryKiln
79%
Person who steals compulsivelyKleptomaniac
78%
Japanese suicide bomberKamikaze
78%
Mongolian rulerKhan
76%
What blue whales eatKrill
66%
Person who spoils all the funKilljoy
65%
Type of large seaweedKelp
64%
British spelling of curbKerb
63%
Norse sea monsterKraken
63%
German emperorKaiser
62%
The main speech of a conferenceKeynote
60%
BackpackKnapsack
59%
Small rounded hillKnoll
48%
Toy musical instrumentKazoo
40%
Israeli communeKibbutz
39%
To punish by dragging under a shipKeelhaul
28%
To bow deeply, touching
one's forehead to the ground
Kowtow
25%

Score Distribution

Percentile by Number Answered

Percent of People with Each Score

Your Score History

You have not taken this quiz since the last reset